000 01007nmm a2200289 a 4500
001 ocm000713123
003 TR-IsHL
005 20201028154347.0
008 150709s2009 tu tur
007 cr cn
035 _a713123
_b(N$T)
050 0 4 _aLA941.8.H87
_bA23 2009
090 0 4 _aLA941.8.H87
_bA23 2009
100 1 _aAcar, Şehbal Derya
245 1 0 _aEğitim tarihimizde bir üstad Satı Bey'i tanımak...
_h[electronic resource] /
_cŞehbal Derya Acar
250 _a1. bs.
260 _aİstanbul :
_bAkademik Kitaplar,
_c2009
300 _a319 p.
650 4 _aTarih
650 4 _aHistory
650 0 _aTürkiye
_x Türkiye
_x 20. yüzyıl
650 0 _aEducation
_x Turkey
_x 20th century
650 0 _aEğitim
_x Türkiye
_x Tarih
_x 20. yüzyıl
650 0 _aEducation
_x Turkey
_x History
_x 20th century
650 7 _aBIOGRAPHY & AUTOBIOGRAPHY / Educators
_2bisacsh
856 4 0 _uhttp://search.ebscohost.com/login.aspx?direct=true&scope=site&db=e011xww&AN=713123
999 _c12536
_d12536